00525nam a2200181Ia 450000500170000000800410001702000150005808200210007324500700009426000610016430000210022565000220024665000130026865000100028165000120029165000200030370000200032320250130025443.0240331s9999 xx 000 0 und d a0761996443 bMOH26261a305.5 0aClass, Caste, Gender:bReadings in Indian Government and Politics aNew Delhi;aCalifornia;aLondonbSAGE Publicationsc2004 a439 p., Volume 5 aGender Inequality aPolitics aCaste aSociety aPolitical Power aMohanty, Meedt